Statistics for Active CtLC Members

Click here to take the quiz!

General Stats

  • This quiz has been taken 25 times
    (4 since last reset)
  • The average score is 20 of 105

Answer Stats

AnswerHint% Correct
Erika HeinsEH
100%
Jarron A. GravleyJAG
100%
Linnea StevensLS
100%
Micah StevensMS
100%
Sam FerlitaSF
100%
Sarah HallamSH
100%
Charlotte GraceCG
67%
Elizabeth Rebecca KingERK
67%
Jacob KauffmanJK
67%
Jonathan KingJK
67%
Jordan WeberJW
67%
Joy StevensJS
67%
Kathryn FerlitaKF
67%
Long ToLT
67%
Sarah CountsSC
67%
Xander HartmanXH
67%
Anna ByarsAB
33%
Becca HallBH
33%
Ethroe ByarsEB
33%
Evie ShumakerES
33%
Gabrielle AndrewsGA
33%
Grace FerlitaGF
33%
Hannah KilgourHK
33%
Johanna KauffmanJK
33%
Joshua CatesJC
33%
Julia TrippeJT
33%
Katie L GloverKLG
33%
Kayla EcholsKE
33%
Kristian NeidhardtKN
33%
Laura RoseLR
33%
Logan EversLE
33%
Mitchell NelsonMN
33%
Rose PaxtonRP
33%
Shannon ElizabethSE
33%
Sharon Rose GilmanSRG
33%
Silas ThomasST
33%
Trey HubbardTH
33%
Aleeya TaylorAT
0%
Alexandra C HathawayACH
0%
Amanda PutmanAP
0%
Amanda SchwindleAS
0%
Amelia Haynes-StandevenAHS
0%
Ana Plumlee-JusiAPJ
0%
Andrew HarperAH
0%
Ariana Grace RichardsAGR
0%
Ashlee FonnerAF
0%
Braiden LetsingerBL
0%
Bria KeeBK
0%
Britnay AllenBA
0%
Cairtheand CrannCC
0%
Caleb WestCW
0%
Candee HermannCH
0%
Cara LoshCL
0%
Carrie Ann MichaudCAM
0%
Chelle HouleCH
0%
Chelsea Davenport PattersonCDP
0%
Colleen MoodCM
0%
Crystal FullerCF
0%
DeziRae LuvDL
0%
Elisabeth EstesEE
0%
Elizabeth WallaceEW
0%
Gabby KralGK
0%
Gina FalzoGF
0%
Hannah Faith SteffensHFS
0%
Haven ElkinsHE
0%
Heather KerHK
0%
Isabella RobersonIR
0%
James Dallas PorterJDP
0%
Jaz JohnsonJJ
0%
Jennifer RussellJR
0%
Jessica HenryJH
0%
Jonathan GriffinJG
0%
Jonathan MerrillJM
0%
Kaitlin BibbKB
0%
Karissa WardKW
0%
Katie HarperKH
0%
Katie HolmKH
0%
Kayla SargentKS
0%
Keagan ViceKV
0%
Kimberly HenryKH
0%
Kim KennedyKK
0%
Kirstin NicholeKN
0%
Kyr HarasenKH
0%
Leah AlmendarezLA
0%
Lizz HowellLH
0%
Louise EatherlyLE
0%
Lucy JuniperLJ
0%
Luke FeasterLF
0%
Madison Nicole McTyeireMNM
0%
Matt BakerMB
0%
Matt HamakerMH
0%
Melody MeyerMM
0%
Michael LoefflerML
0%
Noah GarciaNG
0%
Noah SchwindleNS
0%
Rachel BeisserRB
0%
Rachel DyerRD
0%
Rachel RiceRR
0%
Robert CarlsonRC
0%
Scott MacLellanSM
0%
Seth MartinSM
0%
Shaina FogartySF
0%
Sharon CarterSC
0%
Stephen KeeSK
0%
Trista HostetlerTH
0%

Score Distribution

Percentile by Number Answered

Percent of People with Each Score

Your Score History

You have not taken this quiz since the last reset